|
|
แสดงรายละเอียดบรรณานุกรม |
|
|
Brief Record
: Get Marc (ISO 2709)
: E-mail record
: |
|
|
|
| LEADER 00000nama 2200000uu 4500 | |||
| 001 199478 | |||
| 003 ULIBM | |||
| 008 040531s|||| th m m a000 0 tha d | |||
| 020 974-993-057-6 | |||
| 041 tha | |||
| 050 QT 4 ส356 ล.2 2549. | |||
| 100 วัฒนา วัฒนาภา. | |||
| 245 สรีรวิทยา 2 / วัฒนา วัฒนาภา, บรรณาธิการ. | |||
| 250 5 | |||
| 260 2549. กรุงเทพฯ. ภาควิชาสรีรวิทยา คณะแพทยศาสตร์ศิริราชพยาบาล มหาวิทยาลัยมหิดล. | |||
| 300 775 หน้า. | |||
| 600 1.วัฒนา วัฒนาภา, บรรณาธิการ 2.มหาวิทยาลัยมหิดล คณะแพทยศาสตร์ศิริราชพยาบาล ภาควิชาสรีรวิทยา. | |||
| 650 อนามัยสื่งแวดล้อม สำรวจ ชื่อเรื่อง | |||
| คุณยังไม่ได้ล็อกอิน คุณสามารถมีกิจกรรมร่วมกับเว็บไซต์ได้ แต่ต้องล็อกอินก่อน :: |
|
| สถานะ | |||||||||
| 1. | หนังสือทั่วไป | QT 4 ส356 ล.2 2549. | On Shelf ขอยืม | ||||||
| 2. | หนังสือทั่วไป สถานะ=หนังสือเก่า - บริการ ณ ห้องสมุด (ห้องเหลือง) | QT 4 ส356 ล.2 2549. | On Shelf ขอยืม | ||||||
| 3. | หนังสือทั่วไป สถานะ=หนังสือเก่า - บริการ ณ ห้องสมุด (ห้องเหลือง) | QT 4 ส356 ล.2 2549. | On Shelf ขอยืม | ||||||
| 4. | หนังสือทั่วไป สถานะ=หนังสือเก่า - บริการ ณ ห้องสมุด (ห้องเหลือง) | QT 4 ส356 ล.2 2549. | On Shelf ขอยืม | ||||||
| 5. | หนังสือทั่วไป สถานะ=หนังสือเก่า - บริการ ณ ห้องสมุด (ห้องเหลือง) | QT 4 ส356 ล.2 2549. | On Shelf ขอยืม | ||||||
| [แสดง 5/5 รายการ] | |||||||||
BibComment |
| คอมเมนท์ทรัพยากรรายการนี้ |
|
|